[Event "exe Slovakia Open 2025"]
[Site "Bratislava SVK"]
[Date "2025.09.17"]
[Round "5.27"]
[White "Schroeder, Lennart"]
[Black "Eichler, Alexander"]
[Result "1-0"]
[WhiteElo "2126"]
[BlackElo "1976"]
[WhiteFideId "16222490"]
[BlackFideId "12935921"]
[EventDate "2025.09.13"]

1. d4 Nf6 2. c4 g6 3. Nc3 d5 4. cxd5 Nxd5 5. e4 Nxc3 6. bxc3 Bg7 7. Nf3 c5 8.
Rb1 Nc6 9. d5 Bxc3+ 10. Bd2 Bxd2+ 11. Qxd2 Nd4 12. Nxd4 cxd4 13. Bb5+ Bd7 14.
Bxd7+ Qxd7 15. Qxd4 O-O 16. O-O Rfc8 17. h4 h5 18. e5 b6 19. e6 fxe6 20. Qe4 Kh7
21. Rbd1 e5 22. Qxe5 Rc5 23. Rfe1 Rd8 24. Qg5 e6 25. Qf6 Rxd5 26. Rxd5 Qxd5 27.
Rxe6 Kh6 28. Re7 1-0

[Event "exe Slovakia Open 2025"]
[Site "Bratislava SVK"]
[Date "2025.09.17"]
[Round "5.28"]
[White "Bury, Rastislav"]
[Black "Matejka, Simon"]
[Result "0-1"]
[WhiteElo "2096"]
[BlackElo "1950"]
[WhiteFideId "14907585"]
[BlackFideId "14974541"]
[EventDate "2025.09.13"]

1. Nf3 d5 2. g3 Nf6 3. Bg2 g6 4. O-O Bg7 5. d4 O-O 6. c4 c6 7. Nc3 Nbd7 8. Ne5
Ne4 9. Nxe4 Nxe5 10. cxd5 cxd5 11. dxe5 dxe4 12. Bf4 Bf5 13. Qb3 Qb6 14. Qxb6
axb6 15. a3 g5 16. Bxg5 Bxe5 17. Bxe7 Rfe8 18. Bb4 Bxb2 19. Ra2 Bg7 20. Rc1 Bf8
21. Rb2 Rec8 22. Rxc8 Rxc8 23. h3 Rc1+ 24. Kh2 Bg7 25. Rd2 Bc3 26. Rd8+ Kg7 27.
Bf8+ Kg6 28. Rd6+ f6 29. Rxb6 Bd4 30. Rxb7 Bxf2 31. Rg7+ Kh5 32. g4+ Kh4 33.
Rxh7+ Bxh7 0-1

[Event "exe Slovakia Open 2025"]
[Site "Bratislava SVK"]
[Date "2025.09.17"]
[Round "5.29"]
[White "Canella, Jacopo"]
[Black "Livnansky, Michal"]
[Result "1-0"]
[WhiteElo "2080"]
[BlackElo "1912"]
[WhiteFideId "2864750"]
[BlackFideId "73622885"]
[EventDate "2025.09.13"]

1. e4 c6 2. d4 d5 3. e5 c5 4. dxc5 Nc6 5. a3 e6 6. b4 Nxe5 7. Bb2 Nc6 8. Nf3 Nf6
9. Nbd2 Be7 10. Bd3 O-O 11. O-O Qc7 12. Qe2 Re8 13. Ne5 a5 14. Nxc6 bxc6 15. Be5
Qb7 16. c3 Nd7 17. f4 f6 18. Bxh7+ Kxh7 19. Qh5+ Kg8 20. Qxe8+ Nf8 21. Bd6 Bxd6
22. cxd6 Qa7+ 23. Rf2 axb4 24. cxb4 Ba6 25. d7 1-0

[Event "exe Slovakia Open 2025"]
[Site "Bratislava SVK"]
[Date "2025.09.17"]
[Round "5.30"]
[White "Sekova, Olivia"]
[Black "Mikusik, Marian"]
[Result "1/2-1/2"]
[WhiteElo "2102"]
[BlackElo "1947"]
[WhiteFideId "14959690"]
[BlackFideId "14905345"]
[EventDate "2025.09.13"]

1. e4 g6 2. d4 Bg7 3. Nc3 d5 4. Nf3 dxe4 5. Nxe4 Nf6 6. Nxf6+ exf6 7. Be3 O-O 8.
Qd2 Re8 9. Be2 Nc6 10. O-O Ne7 11. c4 Nf5 12. Bf4 g5 13. Be3 Nxe3 14. fxe3 Qe7
15. Kf2 g4 16. Ne1 Bh6 17. Nc2 c5 18. Qd3 cxd4 19. exd4 f5 20. Rae1 Bd7 21. Kg1
Qd6 22. c5 Qg6 23. Bd1 a6 24. Na3 Rad8 25. Nc4 Bb5 26. Bb3 a5 27. a4 Ba6 28.
Rxe8+ Rxe8 29. Qxf5 Qxf5 30. Rxf5 Bxc4 31. Bxc4 Re7 32. Kf1 Be3 33. Rd5 Re4 34.
Ke2 Rxd4 35. Kxe3 Rxc4 36. b3 Rc3+ 37. Kd2 Rxb3 38. Rg5+ 1/2-1/2

[Event "exe Slovakia Open 2025"]
[Site "Bratislava SVK"]
[Date "2025.09.17"]
[Round "5.31"]
[White "Zawisza, Alan"]
[Black "Reichel, Lukasz"]
[Result "1-0"]
[WhiteElo "2084"]
[BlackElo "1905"]
[WhiteFideId "91131456"]
[BlackFideId "1135961"]
[EventDate "2025.09.13"]

1. e4 c5 2. Nf3 d6 3. d4 cxd4 4. Nxd4 Nf6 5. Nc3 a6 6. Bg5 e6 7. f4 Be7 8. Qf3
Qc7 9. O-O-O Nbd7 10. g4 h6 11. Bxf6 Bxf6 12. h4 Qb6 13. Nb3 Be7 14. Kb1 Nc5 15.
Nxc5 Qxc5 16. g5 Bd7 17. Bd3 O-O-O 18. Qg3 Bc6 19. Rhf1 d5 20. exd5 Bxd5 21.
Nxd5 Rxd5 22. Rc1 g6 23. Rf3 Kb8 24. Be2 Ka7 25. Rb3 Rd7 26. Bf3 h5 27. Qg2 Rb8
28. a3 Bf8 29. Re1 Bg7 30. Re4 Rd4 31. Ka2 Rxe4 32. Bxe4 Qc4 33. Bxb7 Qxf4 34.
Qc6 1-0

[Event "exe Slovakia Open 2025"]
[Site "Bratislava SVK"]
[Date "2025.09.17"]
[Round "5.32"]
[White "Sichnenko, Grigorij"]
[Black "Ondreicka, Roman"]
[Result "0-1"]
[WhiteElo "2047"]
[BlackElo "1938"]
[WhiteFideId "14972557"]
[BlackFideId "14980231"]
[EventDate "2025.09.13"]

1. e4 c5 2. Nf3 g6 3. d4 cxd4 4. Nxd4 Bg7 5. c4 Nc6 6. Be3 Qb6 7. Nb3 Qd8 8. Qd2
d6 9. Nc3 Nf6 10. Be2 O-O 11. O-O a5 12. a4 Be6 13. f3 Nd7 14. Rfc1 f5 15. exf5
Rxf5 16. Bd3 Rf8 17. Nb5 Nde5 18. N5d4 Bf7 19. Bf1 Qd7 20. Nxc6 Nxc6 21. Bb6 Ra6
22. Nc5 Bh6 23. Nxd7 Bxd2 24. Rd1 Rxb6 25. Rxd2 Rb4 26. Nxf8 Kxf8 27. Rc2 Nd4
28. Rf2 Bxc4 29. Bxc4 Rxc4 30. Ra3 Ne6 31. b3 Rc3 32. Rb2 Nc5 33. Kf1 Rd3 34.
Ke2 Ke8 35. h4 h6 36. g4 Kd7 37. Rb1 e5 38. h5 g5 39. Rb2 Ke6 40. Ra1 Rd4 41.
Rab1 Rb4 42. Kd2 Kd7 43. Kc3 Rf4 44. Rf1 Ke6 45. Rc2 Rb4 46. Rb2 Rf4 47. Kc2 Rb4
48. Re1 Ke7 49. Re3 Rd4 50. Kb1 Ke6 51. Ka2 b6 52. Ka3 Na6 53. Rc2 Nb4 54. Rc4
Rxc4 55. bxc4 Nc2+ 0-1

[Event "exe Slovakia Open 2025"]
[Site "Bratislava SVK"]
[Date "2025.09.17"]
[Round "5.33"]
[White "Malaschitz, Teodor"]
[Black "Herka, Jakub"]
[Result "1/2-1/2"]
[WhiteElo "1899"]
[BlackElo "1992"]
[WhiteFideId "73621153"]
[BlackFideId "21023743"]
[EventDate "2025.09.13"]

1. e4 c6 2. d4 d5 3. exd5 cxd5 4. Bd3 Nc6 5. c3 Nf6 6. h3 g6 7. Qc2 e5 8. dxe5
Nxe5 9. Bb5+ Bd7 10. Bxd7+ Qxd7 11. Be3 Bg7 12. Bd4 Nc6 13. Qe2+ Kf8 14. Bc5+
Kg8 15. Qd1 Ne4 16. Be3 Ne5 17. Nf3 Nc4 18. Bc1 Qb5 19. Qb3 Qd7 20. O-O Rd8 21.
Nbd2 Ncxd2 22. Nxd2 Nc5 23. Qc2 Bf6 24. Nb3 Ne6 25. Be3 b6 26. Rfd1 Kg7 27. Rd2
Qc6 28. Nd4 Nxd4 29. Bxd4 Rd7 30. Rad1 Rhd8 31. Qb3 Bxd4 32. Rxd4 Re8 33. Rxd5
Rxd5 34. Qxd5 Qxd5 35. Rxd5 Re1+ 36. Kh2 Re2 37. Rb5 Rxf2 38. Kg3 Rf6 39. Rd5
Re6 40. Kf3 Re1 41. Kf2 Rb1 42. Rd2 Kf6 43. Kf3 h5 44. Rd7 Rxb2 45. Rxa7 Rc2 46.
Rc7 Ke5 47. a4 g5 48. Re7+ Kf6 49. Rc7 1/2-1/2

[Event "exe Slovakia Open 2025"]
[Site "Bratislava SVK"]
[Date "2025.09.17"]
[Round "5.34"]
[White "Labrovic, Jakov"]
[Black "Michalska, Aleksandra"]
[Result "0-1"]
[WhiteElo "2001"]
[BlackElo "1892"]
[WhiteFideId "14549786"]
[BlackFideId "1193953"]
[EventDate "2025.09.13"]

1. e4 e5 2. d4 d6 3. Nc3 Nd7 4. Nf3 Ngf6 5. Bg5 Be7 6. Qd2 c6 7. Be2 Qc7 8. h3
b5 9. d5 b4 10. dxc6 bxc3 11. cxd7+ Bxd7 12. bxc3 Nxe4 13. Qe3 Nxg5 14. Nd2 Rc8
15. c4 Ne6 16. Qg3 O-O 17. O-O Nf4 18. Rfe1 Be6 19. Bd1 Bxc4 20. Rc1 Bd5 21. c4
Be6 22. Kh2 Qa5 23. Ra1 Qa6 24. Nb3 Kh8 25. Bg4 Bxg4 26. hxg4 Kg8 27. c5 dxc5
28. Re3 Ng6 29. g5 Qc4 30. Kg1 Rfd8 31. Rae1 Qf4 32. Qh3 Qxg5 33. g3 f5 34. Kf1 0-1

[Event "exe Slovakia Open 2025"]
[Site "Bratislava SVK"]
[Date "2025.09.17"]
[Round "5.35"]
[White "Hitka, Dominik"]
[Black "Mattinson, Kai"]
[Result "1/2-1/2"]
[WhiteElo "2008"]
[BlackElo "1882"]
[WhiteFideId "14981106"]
[BlackFideId "343401562"]
[EventDate "2025.09.13"]

1. e4 e6 2. d4 d5 3. e5 c5 4. c3 Nc6 5. Nf3 Bd7 6. Be2 Qb6 7. O-O Nh6 8. dxc5
Bxc5 9. b4 Bf8 10. Bf4 Nf5 11. Bd3 g6 12. a4 a6 13. Re1 Bg7 14. Qd2 h6 15. Bxf5
gxf5 16. h3 Rc8 17. Be3 Qc7 18. Bc5 Bf8 19. Bxf8 Kxf8 20. Qe3 Ne7 21. Rc1 Bc6
22. Qd4 Qd7 23. a5 Bb5 24. Nbd2 Bc4 25. Rd1 Qb5 26. Nxc4 Rxc4 27. Qd3 Qc6 28.
Rac1 Qc7 29. Nd2 Rc6 30. Re1 Ng6 31. Qd4 Kg7 32. h4 h5 33. c4 Rc8 34. c5 Qe7 35.
Nf3 f4 36. g3 fxg3 37. fxg3 f6 38. Rf1 f5 39. Ne1 b6 40. axb6 Rxb6 41. Nd3 Rbc6
42. Ra1 Kf7 43. Ra3 Rg8 44. Kf2 Qb7 45. Rfa1 Nf8 46. Ra5 Rg4 47. Qe3 f4 48. gxf4
Qe7 49. Rh1 Ng6 50. Raa1 Nxh4 51. Rag1 Rxg1 52. Rxg1 Rc8 53. Qg3 Rf8 54. Rh1 Nf5
55. Qf3 Ng7 56. Ne1 a5 57. Qa3 axb4 58. Qxb4 Kg6 59. Nf3 Rc8 60. Rc1 Nf5 61. Qb5
Qa7 62. Rc2 Rb8 63. Qc6 Qe7 64. Rd2 Rb4 65. Rxd5 Rxf4 66. Rd3 Qh4+ 67. Ke2 Ng3+
68. Kd2 Qg4 69. Qe8+ Kh6 70. Qh8+ Kg6 71. Qg8+ Kh6 72. Qxg4 hxg4 73. Nd4 Nf1+
74. Ke1 g3 75. Ne2 g2 76. Ng1 Kg6 77. c6 Rc4 78. Kf2 Kf5 79. Kxg2 Kxe5 80. Kxf1
Rxc6 81. Ke2 Ra6 82. Ke3 Ra4 83. Nf3+ Kf5 84. Nd2 Ke5 85. Rb3 Kd5 86. Rb5+ Kd6
87. Nf3 Kc6 88. Rh5 Kd6 89. Nd4 Ra8 90. Nb5+ Ke7 91. Ke4 Kf6 92. Nd4 Ra4 93.
Rh6+ Ke7 94. Rxe6+ Kf7 95. Rb6 Ra1 96. Nf3 Ra5 97. Ne5+ Kg7 98. Kf5 Ra1 99. Rb7+
Kf8 100. Ng6+ Ke8 101. Ne5 Kd8 102. Ke6 Ra6+ 103. Kd5 Rf6 104. Rh7 Kc8 105. Nc6
Rf1 106. Nb4 Rf6 107. Kc5 Kd8 108. Nc6+ Ke8 109. Ne5 Ra6 1/2-1/2

[Event "exe Slovakia Open 2025"]
[Site "Bratislava SVK"]
[Date "2025.09.17"]
[Round "5.36"]
[White "Osvald, David"]
[Black "Mikulas, Dusan"]
[Result "1/2-1/2"]
[BlackTitle "FM"]
[WhiteElo "1815"]
[BlackElo "2003"]
[WhiteFideId "14974398"]
[BlackFideId "14900521"]
[EventDate "2025.09.13"]

1. e4 c5 2. Nf3 d6 3. Bb5+ Bd7 4. Bxd7+ Qxd7 5. O-O Nc6 6. c3 Nf6 7. Qe2 e5 8.
Rd1 Qg4 9. d3 Be7 10. Bg5 h6 11. h3 Qh5 12. Bxf6 Bxf6 13. Nbd2 O-O 14. Nf1 Ne7
15. Ng3 Qg6 16. d4 Rad8 17. dxc5 dxc5 18. Rxd8 Rxd8 19. Rd1 Rxd1+ 20. Qxd1 h5
21. Qd7 h4 22. Nf5 Nxf5 23. exf5 Qh6 24. Qe8+ Kh7 25. Qxf7 Qc1+ 26. Kh2 Qf4+ 27.
Kh1 e4 28. Qg6+ Kg8 29. Qe8+ 1/2-1/2

[Event "exe Slovakia Open 2025"]
[Site "Bratislava SVK"]
[Date "2025.09.17"]
[Round "5.37"]
[White "Haasova, Timea"]
[Black "Voiculescu-Holvad, Stefan"]
[Result "0-1"]
[WhiteElo "2002"]
[BlackElo "1875"]
[WhiteFideId "14960109"]
[BlackFideId "20692005"]
[EventDate "2025.09.13"]

1. e4 c5 2. Nf3 Nc6 3. d4 cxd4 4. Nxd4 g6 5. Nc3 Bg7 6. Be3 Nf6 7. f3 O-O 8. Bc4
Qb6 9. Qd3 Ne5 10. Qe2 Qxb2 11. Kf2 Qxc3 12. Nb5 Qxc4 13. Qxc4 Nxc4 14. Nc7 Rb8
15. Bxa7 d5 16. Bxb8 Nd7 17. Rab1 Nxb8 18. Nxd5 Nc6 19. Rhd1 e6 20. Nf4 b6 21.
Ne2 f5 22. exf5 gxf5 23. Nf4 Bd4+ 24. Ke2 Ba6 25. Nd3 e5 26. Ke1 e4 27. Nf4 exf3
28. gxf3 Re8+ 29. Ne2 Na3 0-1

[Event "exe Slovakia Open 2025"]
[Site "Bratislava SVK"]
[Date "2025.09.17"]
[Round "5.38"]
[White "Hasala, Richard"]
[Black "Nookala, Nikhil Sriram"]
[Result "1/2-1/2"]
[WhiteElo "1996"]
[BlackElo "1819"]
[WhiteFideId "14969157"]
[BlackFideId "146241958"]
[EventDate "2025.09.13"]

1. d4 d5 2. Bf4 e6 3. Nf3 Bd6 4. Bg3 Nf6 5. e3 b6 6. Bd3 Bb7 7. Nbd2 Ne4 8. Ne5
O-O 9. Nxe4 dxe4 10. Bc4 Bd5 11. Bb3 a5 12. a3 b5 13. c4 bxc4 14. Nxc4 Be7 15.
Rc1 Nd7 16. Ne5 Nxe5 17. Bxe5 Bd6 18. Bxd6 Qxd6 19. O-O Rfb8 20. Bxd5 exd5 21.
Rc2 Ra6 22. Qc1 c6 23. Rd1 g6 24. Rdd2 Rb5 25. Rc3 a4 26. Rdc2 Rbb6 1/2-1/2

[Event "exe Slovakia Open 2025"]
[Site "Bratislava SVK"]
[Date "2025.09.17"]
[Round "5.39"]
[White "Shravan R"]
[Black "Zaiarski, Stepan"]
[Result "0-1"]
[WhiteElo "1547"]
[BlackElo "1987"]
[WhiteFideId "46624570"]
[BlackFideId "13907000"]
[EventDate "2025.09.13"]

1. e4 e5 2. Nf3 Nc6 3. Bb5 a6 4. Ba4 Nf6 5. O-O Nxe4 6. Re1 Nc5 7. Nxe5 Be7 8.
c3 Nxe5 9. Rxe5 Nxa4 10. Qxa4 O-O 11. d4 Bd6 12. Rh5 b5 13. Qc2 g6 14. Rh3 Bb7
15. Be3 f5 16. Qb3+ Kh8 17. Bh6 Re8 18. Nd2 Qf6 19. f4 Re2 20. Nf3 c5 21. Bg5
Qg7 22. d5 c4 23. Qd1 Rae8 24. Bh6 Bc5+ 25. Kh1 Qf7 26. Ne5 R8xe5 27. fxe5 Rxe5
28. Bf4 Re4 29. Qd2 Qxd5 30. Qxd5 Bxd5 31. Rf1 Re2 32. Rg3 Rxb2 33. Be5+ Kg8 34.
a4 bxa4 35. Bd4 Bd6 36. Rg5 Be4 37. h4 a3 38. h5 Kf7 0-1

[Event "exe Slovakia Open 2025"]
[Site "Bratislava SVK"]
[Date "2025.09.17"]
[Round "5.40"]
[White "Kolman, Richard"]
[Black "Guba, Peter"]
[Result "1-0"]
[WhiteElo "1982"]
[BlackElo "1852"]
[WhiteFideId "14904993"]
[BlackFideId "14970511"]
[EventDate "2025.09.13"]

1. d4 Nf6 2. Nf3 g6 3. Nc3 d5 4. Bf4 c6 5. e3 Bg7 6. Be2 O-O 7. h4 Bf5 8. Ne5 h5
9. f3 Nbd7 10. g4 hxg4 11. fxg4 Be4 12. Rh2 Nxe5 13. dxe5 Nh7 14. Nxe4 dxe4 15.
Qxd8 Raxd8 16. Bc4 b5 17. Bb3 c5 18. c3 e6 19. g5 c4 20. Bc2 Rd3 21. Bxd3 exd3
22. a4 b4 23. cxb4 Rb8 24. b5 Bf8 25. Rc1 Bb4+ 26. Kd1 Rc8 27. e4 Nf8 28. Rh3
Rc5 29. Be3 Rc7 30. b6 axb6 31. Bxb6 Rc6 32. a5 Nd7 33. Rxd3 Nxe5 34. Rd8+ Kh7
35. Ke2 Nd3 36. Rf1 Kg7 37. b3 e5 38. Rf6 Nf4+ 39. Kd1 Ne6 40. bxc4 Nxd8 41.
Rxc6 Nxc6 42. a6 f5 43. gxf6+ Kxf6 44. a7 Nxa7 45. Bxa7 g5 46. hxg5+ Kxg5 47.
Ke2 Kf6 48. c5 Ke6 49. Kd3 Kd7 50. Kc4 Bd2 51. Kd5 Kc7 52. Bb6+ Kd7 53. c6+ Kc8
54. Kxe5 Be1 55. Ke6 Bg3 56. e5 Kb8 57. Kf6 Bh4+ 58. Kf7 1-0

[Event "exe Slovakia Open 2025"]
[Site "Bratislava SVK"]
[Date "2025.09.17"]
[Round "5.41"]
[White "Smetana, Peter"]
[Black "Chmurny, Richard"]
[Result "1-0"]
[WhiteElo "1956"]
[BlackElo "1689"]
[WhiteFideId "14961946"]
[BlackFideId "14989581"]
[EventDate "2025.09.13"]

1. e4 c5 2. Nf3 Nc6 3. Nc3 d6 4. Bb5 g6 5. d4 cxd4 6. Qxd4 Nf6 7. Bxc6+ bxc6 8.
Qc4 Bd7 9. Ng5 e6 10. O-O Bg7 11. Bf4 Qe7 12. e5 dxe5 13. Bxe5 O-O 14. Rfe1 Nd5
15. Qh4 h6 16. Bxg7 Kxg7 17. Nxd5 hxg5 18. Qd4+ e5 19. Rxe5 1-0

[Event "exe Slovakia Open 2025"]
[Site "Bratislava SVK"]
[Date "2025.09.17"]
[Round "5.42"]
[White "Sommerbauer-Cornell, Ben"]
[Black "Donauer Daniel"]
[Result "1-0"]
[WhiteElo "1977"]
[BlackElo "1812"]
[WhiteFideId "494712"]
[BlackFideId "1365754"]
[EventDate "2025.09.13"]

1. b3 d5 2. Bb2 c6 3. e3 Nf6 4. Be2 Bf5 5. d3 e6 6. g4 Bg6 7. Nh3 Bb4+ 8. Nd2
Qa5 9. a3 Bxd2+ 10. Qxd2 Qxd2+ 11. Kxd2 Nbd7 12. g5 Nh5 13. Bxh5 Bxh5 14. Nf4
Bf3 15. Rhg1 e5 16. Rg3 exf4 17. Rxf3 fxe3+ 18. fxe3 O-O 19. Raf1 Rae8 20. a4 b6
21. Rf5 g6 22. R5f4 c5 23. R1f3 Re6 24. h4 f5 25. gxf6 Kf7 26. h5 Rh8 27. Rh3
Ne5 28. hxg6+ Nxg6 29. Rf5 Rd6 30. Rfh5 Nf8 31. Be5 Rd7 32. c4 dxc4 33. bxc4 Rg8
34. Rh2 Rg4 35. Kc3 Rg1 36. Rh1 Rxh1 37. Rxh1 Ke6 38. Bg3 Rf7 39. Bh4 Nd7 40. a5
Nxf6 41. Bxf6 Kxf6 42. axb6 axb6 43. Rh6+ Kg5 44. Rxb6 h5 45. Rc6 Rf5 46. e4 Re5
47. d4 cxd4+ 48. Kxd4 Re8 49. Ra6 h4 50. c5 Kf4 51. Rf6+ Kg5 52. e5 h3 53. c6
Rd8+ 54. Kc5 Rd1 55. Rf2 Rg1 56. c7 Kh4 57. Rf8 h2 58. Rh8+ Kg3 59. e6 h1=Q 60.
Rxh1 Rxh1 61. e7 1-0

[Event "exe Slovakia Open 2025"]
[Site "Bratislava SVK"]
[Date "2025.09.17"]
[Round "5.43"]
[White "Durana, Jonas"]
[Black "Kovacik, Oliver"]
[Result "1-0"]
[WhiteElo "2112"]
[BlackElo "1880"]
[WhiteFideId "73619663"]
[BlackFideId "2321963"]
[EventDate "2025.09.13"]

1. e4 c6 2. c4 d5 3. exd5 cxd5 4. cxd5 Nf6 5. Nc3 Nxd5 6. Nf3 e6 7. d4 Bd6 8.
Bd3 h6 9. O-O O-O 10. a3 Nd7 11. Bc2 N7f6 12. Qd3 b6 13. Re1 a5 14. Ne5 Bb7 15.
Nxd5 Bxd5 16. Ng4 Re8 17. Ne5 Kf8 18. Bf4 Qe7 19. Qh3 Ng8 20. Rad1 Bxe5 21. Bxe5
Red8 22. Qg3 Qg5 23. Qxg5 hxg5 24. Ba4 Rac8 25. Rc1 Bb7 26. Bb5 Ne7 27. Bc7 Rxd4
28. Bxb6 Rd5 29. Bc4 Rf5 30. a4 Rc6 31. Be3 Re5 32. Bb5 Rxc1 33. Rxc1 Nd5 34.
Bd2 Nf4 35. Rc7 Rd5 36. Bxf4 Rd1+ 37. Bf1 Ba6 38. Rc1 Rxf1+ 39. Rxf1 Bxf1 40.
Kxf1 gxf4 41. Ke2 Ke7 42. Kd3 Kd6 43. Kc4 Kc6 44. b4 axb4 45. Kxb4 e5 46. Kc4 f5
47. g3 fxg3 48. hxg3 g5 49. a5 f4 50. gxf4 exf4 51. f3 Kb7 52. Kd4 Ka6 53. Ke4
Kxa5 54. Kf5 Kb6 55. Kxg5 Kc6 56. Kxf4 Kd7 57. Kg5 Ke7 58. Kg6 Kf8 59. Kf6 Kg8
60. f4 1-0

[Event "exe Slovakia Open 2025"]
[Site "Bratislava SVK"]
[Date "2025.09.17"]
[Round "5.44"]
[White "Livnansky, Tomas"]
[Black "Slaba, Andrea"]
[Result "1/2-1/2"]
[WhiteElo "1874"]
[BlackElo "2021"]
[WhiteFideId "14967634"]
[BlackFideId "14940680"]
[EventDate "2025.09.13"]

1. e4 c6 2. c4 g6 3. d4 Bg7 4. Nf3 d6 5. Be3 Nf6 6. Nc3 O-O 7. Be2 Qc7 8. O-O
Nbd7 9. h3 e5 10. d5 a6 11. Qd2 c5 12. a3 b6 13. Rab1 Qd8 14. Bg5 Qe8 15. Nh2
Kh8 16. Bh6 Bxh6 17. Qxh6 Ng8 18. Qh4 Qe7 19. Qxe7 Nxe7 20. Ng4 h5 21. Ne3 Nf6
22. Kh2 Bd7 23. f3 a5 24. Nb5 Ne8 25. a4 Kg7 26. b3 f5 27. Bd3 1/2-1/2

[Event "exe Slovakia Open 2025"]
[Site "Bratislava SVK"]
[Date "2025.09.17"]
[Round "5.45"]
[White "Maciejewski, Kamil"]
[Black "Kucera, Michal"]
[Result "1/2-1/2"]
[WhiteElo "2018"]
[BlackElo "1900"]
[WhiteFideId "21805768"]
[BlackFideId "14910519"]
[EventDate "2025.09.13"]

1. b3 e5 2. Bb2 Nc6 3. e3 a6 4. d4 exd4 5. exd4 d5 6. Nf3 Bd6 7. c4 Nf6 8. Nc3
O-O 9. Be2 Re8 10. O-O Bf5 11. a3 Bf8 12. Rc1 Ne7 13. Ne5 c6 14. c5 Nd7 15. Nxd7
Qxd7 16. Na4 Qe6 17. Qd2 Rad8 18. Rfe1 Qf6 19. Bc3 Nc8 20. Nb2 Re6 21. Nd3 Bxd3
22. Bxd3 Rde8 23. Rxe6 Rxe6 24. Re1 g6 25. Rxe6 fxe6 26. b4 Ne7 27. g4 g5 28.
Qc2 Ng6 29. Bxg6 Qxg6 30. Qxg6+ hxg6 31. Kg2 Kf7 32. Kg3 Bg7 33. f4 Bf6 34. Kf3
gxf4 35. Kxf4 g5+ 36. Ke3 Ke7 37. h3 Kf7 38. Kd3 Ke7 39. Kc2 Kd7 40. Kb3 Kc8 41.
Kc2 Kd7 42. Kd3 Ke7 43. a4 Kd7 44. Bd2 Ke8 45. Be3 Kd7 46. Kc2 Kc8 47. Kc3 Kd7
48. Kb3 Kc8 49. b5 axb5 50. axb5 Kd7 51. Ka4 Bd8 52. Bd2 Kc8 53. Ba5 Bf6 54. Bc3
Bd8 55. Kb3 Kd7 56. b6 Ke8 57. Kc2 Kf7 58. Kd3 Be7 59. Bd2 Kg6 60. Be3 Bf6 61.
Bf2 e5 62. dxe5 Bxe5 63. Be3 Bf6 1/2-1/2

[Event "exe Slovakia Open 2025"]
[Site "Bratislava SVK"]
[Date "2025.09.17"]
[Round "5.46"]
[White "Iankin, Arseni"]
[Black "Simon, Peter"]
[Result "1-0"]
[WhiteElo "1976"]
[BlackElo "1871"]
[WhiteFideId "24224073"]
[BlackFideId "14995948"]
[EventDate "2025.09.13"]

1. e4 g6 2. d4 Bg7 3. Nc3 d6 4. Bc4 Nf6 5. Qe2 c6 6. e5 dxe5 7. dxe5 Nd5 8. Bd2
O-O 9. O-O-O Qc7 10. Bxd5 cxd5 11. Nxd5 Qxe5 12. Nxe7+ Kh8 13. Qxe5 Bxe5 14.
Nxc8 Rxc8 15. Nf3 Bf6 16. Bg5 Kg7 17. Bxf6+ Kxf6 18. Rhe1 Nc6 19. Rd6+ Kg7 20.
Rd7 b5 21. Nd4 Nxd4 22. Rxd4 Rc7 23. Re5 Rb8 24. Kd2 a5 25. c3 b4 26. c4 a4 27.
Rb5 Re8 28. Rxb4 a3 29. bxa3 Rce7 30. Kc3 Re2 31. Rd2 Re1 32. Rbb2 f5 33. c5
R8e5 34. Kc4 R1e4+ 35. Kb5 f4 36. a4 Rh5 37. f3 Ree5 38. Rbc2 Rxh2 39. Ka6 Rhh5
40. c6 Ra5+ 41. Kb6 Rxa4 42. c7 Rha5 43. c8=Q 1-0

[Event "exe Slovakia Open 2025"]
[Site "Bratislava SVK"]
[Date "2025.09.17"]
[Round "5.47"]
[White "Shlaen, Rem"]
[Black "Krupa, Andrej"]
[Result "1-0"]
[WhiteElo "1995"]
[BlackElo "1870"]
[WhiteFideId "2812932"]
[BlackFideId "73619876"]
[EventDate "2025.09.13"]

1. e4 c5 2. Nf3 d6 3. d4 cxd4 4. Nxd4 Nf6 5. Nc3 a6 6. Be3 e5 7. Nb3 Be7 8. h3
Be6 9. Qf3 Nbd7 10. O-O-O Qc7 11. g4 Nc5 12. Nxc5 dxc5 13. g5 Nd7 14. Nd5 Bxd5
15. exd5 Qd6 16. Kb1 O-O 17. Rg1 f5 18. gxf6 Nxf6 19. Bd3 Kh8 20. Qg3 Nh5 21.
Qg4 g6 22. Qe2 Rf7 23. Bh6 b5 24. Be4 c4 25. Qg4 Nf4 26. Bxf4 Rxf4 27. Qe2 Kg7
28. c3 Qc5 29. d6 Rxf2 30. Qe1 Bh4 31. Bxa8 Rxb2+ 32. Kxb2 Bxe1 33. Rgxe1 b4 34.
cxb4 Qxb4+ 35. Kc2 Qa3 36. Kb1 Qb4+ 37. Kc2 Qa3 38. Be4 Qxa2+ 39. Kc3 Qb3+ 40.
Kd2 Qxh3 41. Re3 Qd7 42. Ke2 g5 43. Rf3 g4 44. Rf5 Qb5 45. d7 c3+ 46. Ke1 Qb4
47. Bc2 Qc5 48. d8=Q Qe3+ 49. Kf1 Qh3+ 50. Ke2 Qh2+ 51. Rf2 g3 52. Qf6+ Kg8 1-0

[Event "exe Slovakia Open 2025"]
[Site "Bratislava SVK"]
[Date "2025.09.17"]
[Round "5.48"]
[White "Skrinar, Marek"]
[Black "Levytskyi, Liubomyr"]
[Result "0-1"]
[WhiteElo "1956"]
[BlackElo "1854"]
[WhiteFideId "14940710"]
[BlackFideId "34132155"]
[EventDate "2025.09.13"]

1. e4 c5 2. Nf3 d6 3. d4 cxd4 4. Nxd4 Nf6 5. Nc3 a6 6. Be3 e5 7. Nf3 Be7 8. Bc4
O-O 9. h3 Be6 10. Bb3 b5 11. Bd5 Nxd5 12. Nxd5 Nd7 13. O-O Nf6 14. Nxe7+ Qxe7
15. Bg5 Rfd8 16. Re1 h6 17. Bxf6 Qxf6 18. Qe2 Rac8 19. c3 Rc5 20. Qe3 Rb8 21.
Red1 Qe7 22. Rd2 b4 23. cxb4 Rxb4 24. b3 Rb6 25. Rad1 Rbc6 26. Kh2 Rc3 27. Qe2
Qc7 28. Ne1 a5 29. Kg1 a4 30. b4 Qb6 31. Rb1 Rc1 32. Rd1 Rxd1 33. Qxd1 Bxa2 34.
Rb2 Bb3 35. Qd2 Rc4 36. Nd3 Rxe4 37. Rxb3 axb3 38. Qc3 Qb7 39. Qxb3 Rd4 40. b5
Qd5 41. Qxd5 Rxd5 42. Nb2 Rxb5 43. Nc4 Rd5 44. Kf1 Rd4 45. Ne3 g6 46. Ke2 Kf8
47. g4 Ke7 0-1

[Event "exe Slovakia Open 2025"]
[Site "Bratislava SVK"]
[Date "2025.09.17"]
[Round "5.49"]
[White "Antal, Jozsef"]
[Black "Kudela, Oliver"]
[Result "0-1"]
[WhiteElo "1868"]
[BlackElo "1894"]
[WhiteFideId "710270"]
[BlackFideId "14971755"]
[EventDate "2025.09.13"]

1. e4 c5 2. Nc3 Nc6 3. g3 g6 4. Bg2 Bg7 5. d3 d6 6. f4 Nf6 7. Nf3 O-O 8. O-O Rb8
9. Rb1 Nd7 10. Be3 b5 11. a3 e6 12. Bf2 b4 13. axb4 Rxb4 14. Qd2 Qb6 15. b3 Nd4
16. Kh1 Bb7 17. Ne2 Nxf3 18. Bxf3 f5 19. Qe3 Nf6 20. Be1 fxe4 21. dxe4 Rxe4 22.
Bxe4 Bxe4+ 23. Kg1 d5 24. h3 Bxc2 25. Rc1 d4 26. Qf3 Be4 27. Qf2 Nd5 28. Bd2 d3
29. Nc3 Bd4 0-1